Complete the Card - WWE Backlash 2001 - Statistics

General Stats
  • This quiz has been taken 468 times
  • The average score is 18 of 21
Answer Stats
Answer % Correct
Triple H
100%
Kane
98%
Stone Cold Steve Austin
98%
The Undertaker
96%
Kurt Angle
95%
Chris Benoit
93%
Chris Jericho
93%
Matt Hardy
91%
The Big Show
90%
William Regal
87%
Eddie Guerrero
85%
Bubba Ray Dudley
83%
D-Von Dudley
83%
Spike Dudley
83%
Christian
82%
Shane McMahon
78%
Raven
76%
Rhyno
65%
X-Pac
65%
Albert
64%
Justin Credible
55%
No matching quizzes found
Score Distribution
Percent of People with Each Score
Percentile by Number Answered
Your Score History
You have not taken this quiz